=LDR 00000nam 2200000 4500 =001 INLIS000000000012792 =005 20130612104259 =008 ***********************************Ind** =035 ##$$0010-061300000012792 =041 ##$$a Ind =082 ##$$a 614.591 =090 ##$$a 614.591, Mcg m =100 ##$$a Mcgowan, Masy p =245 ##$$a Menjaga kebugaran Jantung =260 ##$$a 2001 $b Jakarta =300 ##$$a xxii, 281 hlm, 24 cm =650 ##$$a Jantung =650 ##$$a Penyakit =650 ##$$a Pencegahan =850 ##$$a NBPNMAT